000 00975nam a2200265 i 4500
001 186324
003 SpMaBN
005 20260525062936.0
008 161024s1948 ag |||| | spa d
080 _a821.133.1-14"18"
080 _a7(04)
100 1 _aBaudelaire, Charles.
_926513
245 1 0 _aPequeños poemas en prosa
_b; Críticas de arte /
_cCarlos Baudelaire ; [la traducción de la primera obra, por Enrique Díez-Canedo, y de la segunda, por Manuel Granell].
246 1 0 _aCríticas de arte
250 _a1ª ed. popular para la Colección austral.
260 _aBuenos Aires :
_bEspasa-Calpe Argentina,
_c1948.
300 _a179 p. ;
_c18 cm.
490 1 _aColección austral ;
_v885
650 0 7 _aArte
_2embne
_910068
700 1 _aDíez-Canedo, Enrique,
_d1879-1944
_944685
700 1 _aGranell, Manuel,
_d1906-1993
_959620
830 0 _aColección austral
_v885
_9177655
852 _aES-MaACL
_jL-30683
_z. - Donat. Miguel A. Velasco
999 _c186324
_d186324